Google-Jahresrückblick 2016 (Filme) - Statistiken

Allgemein
  • Dieses Quiz wurde 35 mal gespielt
  • Das Durchschnittsergebnis liegt bei 5 aus 10
Antwortstatistiken
Bildquiz Antwort % Korrekt
Deadpool
97%
Zoomania
90%
Pets
79%
Suicide Squad
72%
Findet Dorie
69%
The Revenant
41%
Bad Moms
38%
Sully
28%
Ein ganzes halbes Jahr
17%
Inferno
10%
Keine übereinstimmenden Quizze gefunden
Verteilung der Resultate
Anzahl Personen mit jedem Resultat
Perzentil nach korrekt beantworteten Fragen
Ihre Resultats-Entwicklung
Sie haben dieses Quiz noch nicht gespielt